[Event "Olympiad Women 2024"]
[Site "Budapest HUN"]
[Date "2024.09.16"]
[Round "6.55"]
[Board "1"]
[White "Fawaz, Nadia"]
[Black "Sakai, Azumi"]
[Result "1-0"]
[WhiteElo "1747"]
[BlackElo "1871"]
[PlyCount "103"]
[EventDate "2024.09.11"]
[WhiteTeam "Lebanon"]
[BlackTeam "Japan"]
[WhiteTeamCountry "LBN"]
[BlackTeamCountry "JPN"]

1. e4 e6 2. Qe2 Be7 3. b3 d5 4. exd5 ({RR} 4. Bb2 Nf6 5. e5 Nfd7 6. g3 c5 7. f4 Nc6 8. Nf3 Nb4 9. Na3 b6 10. Bg2 Ba6 11. d3 d4 12. Nd2 Rb8 13. Ne4 b5 14. Nb1 Nd5 15. c3 N7b6 16. cxd4 cxd4 17. Kf2 Ne3 18. Bf3 Rc8 {0-1 Shovunov,B (2475)-Vaganian,R (2630) Presidents Cup  1998 (1.2)}) ({RR} 4. Bb2 Nf6 5. e5 Nfd7 6. f4 O-O 7. Nf3 a5 8. a3 a4 9. b4 c5 10. bxc5 Nxc5 11. d4 Ne4 12. Nbd2 Qb6 13. Qb5 Qc7 14. Rc1 Nxd2 15. Nxd2 f6 16. g3 fxe5 17. dxe5 Bd7 18. Qd3 Nc6 {1-0 Timmermans,M (2395)-Kumala,A (2207) Titled Tue 19th Mar Late 2024 (5)}) 4... exd5 5. Bb2 Nf6 6. Nc3 $146 ({RR} 6. Bxf6 gxf6 7. Nc3 c5 8. O-O-O Nc6 9. f4 f5 10. Qh5 Be6 11. Bb5 Qb6 12. Nf3 d4 13. Bxc6+ Qxc6 14. Ne5 Qa6 15. Nb1 Qxa2 16. Rhe1 O-O-O 17. d3 Bd6 18. g3 Rdf8 19. Nf3 Qa1 20. Kd2 Re8 {½-½ Scheerer,C-Margraf,D JBL NW 9596 Germany 1995 (2)}) ({RR} 6. Bxf6 gxf6 7. c4 Qd6 8. Nf3 Be6 9. Nd4 Qe5 10. Qxe5 fxe5 11. Nxe6 fxe6 12. g3 {½-½ Piscopo,P (2376)-Bachofner,A (2184) Innsbruck op 5th 2021 (3)}) ({RR} 6. Bxf6 gxf6 7. Qh5 Nc6 8. Nf3 Be6 9. Bb5 Qd6 10. Nd4 O-O 11. Bxc6 bxc6 12. O-O Qe5 13. Qh4 Bd7 14. Nc3 Qg5 15. Nf3 Qxh4 16. Nxh4 Rfe8 17. d4 Bb4 18. Na4 Re4 19. g3 Bh3 20. Ng2 Rae8 {½-½ Sipila,V (2375)-Maki Uuro,M (2344) Naantali Avoin op 2017 (5)}) 6... O-O 7. O-O-O c5 8. Nf3 Nc6 9. d4 Bf5 10. dxc5 Bxc5 11. Qb5 Qb6 12. Nxd5 Qxb5 13. Bxb5 Ne4 14. Rhf1 Bg6 15. Nd4 Nb4 16. Nxb4 Bxb4 17. a3 Bc5 18. f3 Nf6 19. Bd3 Rac8 20. Bxg6 hxg6 21. b4 Bd6 22. Ne6 fxe6 23. Rxd6 Kf7 24. Bxf6 Kxf6 25. Rd7 Rf7 26. Rfd1 Rc7 27. Rxf7+ Kxf7 28. Kb2 Kf6 29. Rd4 g5 30. c4 b6 31. Kc3 a6 32. Rd6 Rb7 33. Kd4 g6 34. c5 bxc5+ 35. Kxc5 Rc7+ 36. Kb6 Rc3 37. a4 Ke5 38. Rc6 Rb3 39. Rc4 Ra3 40. a5 Ra2 41. Rg4 Kd6 42. Kxa6 Rc2 43. b5 Rc8 44. b6 Rc5 45. Rd4+ Kc6 46. b7 Kc7 47. Rd7+ Kxd7 48. b8=Q Rc6+ 49. Kb5 Rc1 50. Qb7+ Kd6 51. Qe4 Rc5+ 52. Kb6 1-0

[Event "Olympiad Women 2024"]
[Site "Budapest HUN"]
[Date "2024.09.16"]
[Round "6.56"]
[Board "1"]
[White "Rivera Negron, Yanira"]
[Black "Lieketseng, Ngatane"]
[Result "1/2-1/2"]
[WhiteElo "1805"]
[BlackElo "1651"]
[PlyCount "84"]
[EventDate "2024.09.11"]
[WhiteTeam "Puerto Rico"]
[BlackTeam "Lesotho"]
[WhiteTeamCountry "PUR"]
[BlackTeamCountry "LES"]

1. d4 d5 2. c4 e6 3. cxd5 exd5 4. Nc3 Nf6 5. Bg5 Be7 6. e3 c6 7. Bd3 Be6 8. Qb3 ({RR} 8. Nf3 h6 9. Bh4 Nbd7 10. O-O O-O 11. Rb1 Rc8 12. h3 c5 13. Bg3 c4 14. Bc2 a6 15. a4 Bb4 16. Nh4 Re8 17. Nf5 Bxf5 18. Bxf5 g6 19. Bc2 Qa5 20. Bf4 Kg7 21. Ne2 Ne4 22. Bxe4 dxe4 {1-0 Hu,Z (1641)-Shao,X (1442) Chinese Youth U20 2024 (4.17)}) 8... Qb6 ({RR} 8... Nh5 9. Bxe7 Qxe7 10. Nge2 O-O 11. O-O-O g6 12. Kb1 b5 13. f3 f5 14. h3 Bf7 15. g4 fxg4 16. hxg4 Ng7 17. Nf4 Qxe3 18. Nce2 Nd7 19. Qc2 Rac8 20. Rh3 Rfe8 21. Rdh1 Nf8 22. Ng2 Qf2 23. Nh4 {½-½ Horvath,J (2515)-Almasi,I (2430) Zalakaros op 17th 1998 (5)}) 9. Qc2 $146 ({RR} 9. Qxb6 axb6 10. Nge2 Nbd7 11. O-O O-O 12. f3 Rfe8 13. Nf4 Nf8 14. Bh4 b5 15. b3 Bb4 16. Rfc1 N6d7 17. e4 dxe4 18. Nxe4 Ng6 19. Nxg6 hxg6 20. Be1 Bxe1 21. Rxe1 Bd5 22. Nd6 Rxe1+ 23. Rxe1 Kf8 {0-1 Laosaengpha,N (1517)-Marin,S (2060) Laos op Vientiane 2018 (7)}) ({RR} 9. Qxb6 axb6 10. Nf3 Nbd7 11. O-O h6 12. Bh4 Bd6 13. b3 Ba3 14. Bg3 Bb2 15. Na4 Bxa1 16. Rxa1 O-O 17. Ne5 b5 18. Nxd7 Nxd7 19. Nc5 Nxc5 20. dxc5 Ra3 21. Be5 Rfa8 22. Bb1 d4 23. Bxd4 Bxb3 {0-1 Shaw,L (1395)-Zairbek Kyzy,B (1644) World ol U16 2017 (2.4)}) ({RR} 9. Qxb6 axb6 10. Nf3 Nbd7 11. O-O O-O 12. Ne5 Rfe8 13. f4 g6 14. h3 Nxe5 15. fxe5 Nd7 16. Bxe7 Rxe7 17. b3 b5 18. a4 bxa4 19. Rxa4 Ree8 20. Rfa1 Nb6 21. Ra7 Kg7 22. Kf2 Rxa7 23. Rxa7 Re7 {½-½ Gardes,A (1722)-Farchich,D Platense-ch La Plata 2018 (3)}) 9... Nbd7 10. Nge2 Rc8 11. O-O O-O 12. Na4 Qc7 13. Bf4 Bd6 14. f3 Rfe8 15. Bxd6 Qxd6 16. e4 dxe4 17. fxe4 Ng4 18. e5 Qe7 19. Rf3 Nf8 20. Nf4 g6 21. Rg3 Qd7 22. Nxe6 Nxe6 23. Rxg4 Nxd4 24. Qd1 Rxe5 25. Re4 Rg5 26. Bf1 Rd5 27. Nc3 Rd6 28. Qe1 Nc2 29. Re7 Qd8 30. Qe5 Nxa1 31. Ne4 Re6 32. Rxe6 fxe6 33. Qxe6+ Kf8 34. Nd6 Rc7 35. Bc4 Rg7 36. h3 Nc2 37. Qe5 b5 38. Qf4+ Ke7 39. Qe5+ Kf8 40. Qf4+ Ke7 41. Qe5+ Kf8 42. Qf4+ Ke7 1/2-1/2

[Event "Olympiad Women 2024"]
[Site "Budapest HUN"]
[Date "2024.09.16"]
[Round "6.56"]
[Board "2"]
[White "Boitumelo Sethabathaba"]
[Black "Vega Jimenez, Keyshla M."]
[Result "0-1"]
[WhiteElo "1571"]
[BlackElo "1769"]
[PlyCount "116"]
[EventDate "2024.09.11"]
[WhiteTeam "Lesotho"]
[BlackTeam "Puerto Rico"]
[WhiteTeamCountry "LES"]
[BlackTeamCountry "PUR"]

1. d4 d5 2. c4 e6 3. Nc3 Nf6 4. cxd5 exd5 5. Bg5 c6 6. Qc2 h6 7. Bh4 Be7 8. e3 O-O 9. Bd3 Re8 10. Nf3 Ne4 11. Bxe7 Qxe7 12. O-O Nd7 13. Nd2 Ndf6 14. Ncxe4 ({RR} 14. Ndxe4 dxe4 15. Bc4 Be6 16. Qb3 Bxc4 17. Qxc4 Qd6 18. h3 Re6 19. b4 Nd5 20. Nxd5 cxd5 21. Qc5 Qd7 22. b5 b6 23. Qb4 Rg6 24. Kh1 f5 25. Rac1 Rf8 26. Qa4 f4 27. exf4 Rxf4 28. Rc6 Rg3 {1-0 Koelle,T (2312)-Jacobson,B (2504) Titled Tuesday intern op 06th July blitz 2021 (1)}) ({RR} 14. Rae1) 14... Nxe4 15. Bxe4 dxe4 16. Rfc1 $146 ({RR} 16. Nc4 Qg5 17. f4 exf3 18. Rxf3 Bd7 19. Raf1 Re7 20. Ne5 Be6 21. Qf2 f6 22. Rg3 Qh5 23. Qxf6 Rae8 24. Qf2 Bxa2 25. Rf3 Kh7 26. Rf5 g5 27. Rf3 Qh4 28. Qc2+ Kg7 29. Rh3 Qxh3 30. gxh3 Bf7 {1-0 Bauer,B (1603)-Nobis,A (1269) GER-ch U10 Willingen 2009 (10)}) 16... Bd7 17. Qc5 Qf6 18. Nf1 Be6 19. Ng3 Bd5 20. a4 b6 21. Qc3 a5 22. Ne2 g5 23. Qc2 Qe6 24. Qc3 h5 25. b4 Qg4 26. Ng3 h4 27. h3 Qe6 28. Ne2 Qe7 29. Rcb1 Reb8 30. Qa3 Bc4 31. Nc3 Bd3 32. Rb2 Rb7 33. b5 Qxa3 34. Rxa3 cxb5 35. Nxb5 Rd8 36. Rc3 Rd5 37. Rc6 Bxb5 38. Rxb5 Rxb5 39. axb5 Kf8 40. f3 exf3 41. gxf3 Ke7 42. Kf2 a4 43. Ke2 a3 44. Rc2 Ra7 45. Ra2 f5 46. Kd3 g4 47. fxg4 fxg4 48. hxg4 h3 49. Kc3 Kf6 50. Kb3 Kg5 51. d5 Kxg4 52. d6 Kg3 53. e4 h2 54. Rxh2 Kxh2 55. Ka2 Rd7 56. e5 Kg3 57. Kxa3 Kf4 58. e6 Rxd6 0-1

[Event "Olympiad Women 2024"]
[Site "Budapest HUN"]
[Date "2024.09.16"]
[Round "6.57"]
[Board "1"]
[White "Gertrude Banini"]
[Black "Sawan, Eman"]
[Result "0-1"]
[WhiteElo "1712"]
[BlackElo "1972"]
[PlyCount "94"]
[EventDate "2024.09.11"]
[WhiteTeam "Ghana"]
[BlackTeam "Palestine"]
[WhiteTeamCountry "GHA"]
[BlackTeamCountry "PLE"]

1. d4 Nf6 2. Nf3 g6 3. Bf4 Bg7 4. e3 O-O 5. Be2 d6 6. Nbd2 Nbd7 7. h3 b6 8. O-O Bb7 9. c3 Re8 10. Qc2 ({RR} 10. Bh2 e5 11. dxe5 dxe5 12. Nc4 Ne4 13. Qc2 Qe7 14. Rad1 Rad8 15. b4 Ng5 16. Ncd2 f5 17. Nxg5 Qxg5 18. Nf3 Qe7 19. Qa4 a6 20. Bxa6 Bxf3 21. gxf3 Nf6 22. Bb5 Rf8 23. Bc4+ Kh8 24. Rxd8 Rxd8 {1-0 Burmakin,V (2522)-Semeniuk,A (2474) RUS-chT 08th Group1 2001 (2)}) 10... e5 11. dxe5 dxe5 12. Bg5 ({RR} 12. Bh2 Qe7 13. e4 Nc5 14. Rfe1 Nfxe4 15. Nxe4 Bxe4 16. Bd3 Bxd3 17. Qd2 e4 18. b4 Ne6 19. Nd4 Nxd4 20. cxd4 Bxd4 21. Rad1 Rad8 22. Qc1 Qxb4 23. Bxc7 Rc8 24. Rxd3 exd3 25. Rxe8+ Rxe8 26. Bf4 Re1+ {0-1 Lakshmi Priya Batta (1420)-Zaksaite,S (2212) Swiss Queens Wed #7 2024 (10.44)}) 12... h6 $146 ({RR} 12... e4 13. Nd4 a6 14. Rfd1 c5 15. N4b3 Qc8 16. Nc4 Bf8 17. Bxf6 Nxf6 18. Nxb6 Qc6 19. Nxa8 Bxa8 20. Rd2 Nd5 21. Rad1 Re5 22. Bc4 Qe6 23. Nc1 Qf5 24. Qb3 Nf6 {1-0 Gafke,M (1816)-Hellwege,W (1895) WchT Seniors 65 2016 (9.25)}) ({RR} 12... Qe7 13. Rad1 a6 14. Nh2 h6 15. Bh4 Qf8 16. Ng4 Nd5 17. Bf3 f5 18. Bxd5+ Bxd5 19. e4 Be6 20. exf5 gxf5 21. Ne3 f4 22. Ng4 h5 23. Nh2 Bf5 24. Ne4 Nc5 25. f3 Qf7 26. b4 Nxe4 27. fxe4 {0-1 Curwin,N (1547)-Ramoutar,A (2289) Central America Carribean-ch U20 2019 (1)}) ({RR} 12... e4 13. Nd4 a6 14. Rfd1 Qe7 15. Nc4 Rad8 16. Rd2 Nc5 17. Rad1 Nd3 18. Bxd3 exd3 19. Qb1 c5 20. Nf3 Bxf3 21. gxf3 b5 22. Na5 Qc7 23. Nb3 Qe5 24. Bf4 Qh5 25. Kg2 c4 26. Nd4 Nd5 27. Bg3 {0-1 Barioni,D (1827)-Souza,R (2113) BRA-ch sf Reg2 86th 2019 (6)}) 13. Bh4 Qe7 14. Rfd1 a6 15. Bg3 Nh5 16. Bh2 f5 17. e4 f4 18. Ne1 Nhf6 19. f3 g5 20. Nd3 h5 21. Nf2 Rad8 22. a3 Kh8 23. b4 Bh6 24. Nb3 Rg8 25. Kf1 Nf8 26. Rxd8 Qxd8 27. c4 Bc8 28. c5 g4 29. fxg4 hxg4 30. hxg4 Nxg4 31. Nxg4 Bxg4 32. Bxa6 Qh4 33. Bg1 f3 34. gxf3 Bh3+ 35. Ke2 Rg2+ 36. Kd3 Qd8+ 37. Kc3 Rxc2+ 38. Kxc2 Be6 39. cxb6 cxb6 40. Kb2 Bxb3 41. Kxb3 Ne6 42. Bc4 Nd4+ 43. Bxd4 Qxd4 44. Rf1 Bd2 45. Ba6 Qc3+ 46. Ka4 Qc6+ 47. Kb3 b5 0-1

[Event "Olympiad Women 2024"]
[Site "Budapest HUN"]
[Date "2024.09.16"]
[Round "6.57"]
[Board "4"]
[White "Natsheh, Wajd"]
[Black "Dotse Dzidzor Esi"]
[Result "1-0"]
[WhiteElo "1739"]
[BlackElo "1530"]
[PlyCount "71"]
[EventDate "2024.09.11"]
[WhiteTeam "Palestine"]
[BlackTeam "Ghana"]
[WhiteTeamCountry "PLE"]
[BlackTeamCountry "GHA"]

1. e4 c6 2. c4 d5 3. cxd5 cxd5 4. exd5 Qxd5 5. Nc3 Qd8 6. d4 Nf6 7. Nf3 Bg4 ({RR} 7... g6 8. h3 Bg7 9. Bc4 O-O 10. O-O Nc6 11. a3 Bf5 12. d5 Na5 13. Ba2 Rc8 14. Re1 b6 15. Nd4 Bd7 16. Bg5 h6 17. Bh4 Nb7 18. Qe2 Re8 19. Rad1 Nd6 20. Bg3 Rc5 21. Qd3 Qc8 22. Nc6 {1-0 Bortnyk,O (2608)-Firouzja,A (2737) Bullet Chess Losers 2024 (3.12)}) 8. Qb3 ({RR} 8. Qa4+ Bd7 9. Qb3 Qb6 10. Qc2 e6 11. Be3 Nd5 12. Ne5 Nxe3 13. fxe3 Be7 14. Nxd7 Nxd7 15. Bb5 a6 16. Bxd7+ Kxd7 17. O-O f5 18. d5 Qxe3+ 19. Kh1 g6 20. dxe6+ Ke8 21. Nd5 Qe5 22. Nc7+ Kf8 {1-0 Ynojosa,F (2387)-Dzapshba,R (1759) BRICS Games Rapid Team 2024 (7.1)}) 8... Bxf3 9. gxf3 Nc6 $146 ({RR} 9... Qb6 10. Qxb6 axb6 11. Bb5+ Kd8 12. Be3 Nbd7 13. Ke2 e6 14. Rhd1 Bd6 15. d5 e5 16. Na4 Bc5 17. Nxc5 bxc5 18. a4 b6 19. b4 cxb4 20. Rab1 Nc5 21. Rxb4 Nfd7 22. d6 Kc8 23. Rc1 Ra7 24. Bc6 {½-½ Aperia,T-Benjamin,J Hallsberg op U18 1975 (1)}) 10. Qxb7 Nxd4 11. Bb5+ Nxb5 12. Qc6+ Nd7 13. Nxb5 Rc8 14. Qd5 e6 15. Qd3 a6 16. Nc3 Nc5 17. Qe2 Be7 18. O-O O-O 19. Kh1 Qd3 20. Qd1 Rfd8 21. Be3 Qxd1 22. Raxd1 Nd3 23. Rb1 Nxb2 24. Rxb2 Rxc3 25. Rb7 Bf6 26. Bb6 Rdc8 27. a4 Rxf3 28. Kg2 Rb3 29. a5 Bd4 30. Rc1 Re8 31. Rcc7 Bxb6 32. Rxb6 Rxb6 33. axb6 g6 34. b7 Kg7 35. Rc8 a5 36. Rxe8 1-0

[Event "Olympiad Women 2024"]
[Site "Budapest HUN"]
[Date "2024.09.16"]
[Round "6.58"]
[Board "1"]
[White "Georgina Sackie"]
[Black "Park, Sunwoo"]
[Result "0-1"]
[WhiteElo "1688"]
[BlackElo "1877"]
[PlyCount "90"]
[EventDate "2024.09.11"]
[WhiteTeam "Liberia"]
[BlackTeam "South Korea"]
[WhiteTeamCountry "LBR"]

1. d4 Nf6 2. c4 e6 3. Nf3 c5 4. d5 exd5 5. cxd5 d6 6. Nc3 Be7 7. e4 O-O 8. h3 Re8 9. Bd3 a6 10. a4 Nbd7 11. Bf4 Nf8 12. O-O Ng6 13. Bh2 b6 $146 ({RR} 13... Nd7 14. Re1 Nde5 15. Nxe5 dxe5 16. Be2 Bd6 17. Bg4 c4 18. Rc1 Qb6 19. Rc2 Qb4 20. Bxc8 Raxc8 21. Qg4 b5 22. Rce2 Qc5 23. Nd1 b4 24. Ne3 c3 25. b3 Bf8 26. h4 Qa5 27. Nc2 Qc5 28. h5 {1-0 Heinola,V (2274)-Kauko,P (1939) Turku TuTS op 2018 (1)}) ({RR} 13... Bf8 14. Nd2 Ne5 15. Qe2 Nxd3 16. Qxd3 Nd7 17. f4 f6 18. Nc4 Nb6 19. b3 Bd7 20. Rfb1 Rb8 21. a5 Na8 22. e5 fxe5 23. fxe5 dxe5 24. Bxe5 Rc8 25. Qg3 Bb5 26. Rf1 Qd7 27. Ne4 Kh8 28. Ng5 {1-0 Bakos,B (2108)-Freyd,L (1991) Miskolc Avas op 2003 (5)}) ({RR} 13... Qb6 14. Qc2 Bf8 15. Nd2 Ne5 16. Be2 Bd7 17. f4 Ng6 18. Nc4 Qd8 19. a5 Bb5 20. b3 Rb8 21. Rfe1 Nd7 22. Bd3 Bxc4 23. Bxc4 Qf6 24. Rf1 Qh4 25. Rae1 Qd8 26. Qa2 Qc7 27. Re3 Be7 28. Kh1 {½-½ Krotofil,K (1864)-Narr,I (1600) Hessen-ch Seniors op 07th 2011 (7)}) 14. Rb1 Nd7 15. Bc2 Qc7 16. Nd2 Bf6 17. f4 Rb8 18. Nf3 b5 19. axb5 axb5 20. e5 dxe5 21. Bxg6 hxg6 22. Ne4 Qb6 23. Nxf6+ gxf6 24. fxe5 Nxe5 25. Nxe5 fxe5 26. Qf3 c4+ 27. Kh1 Rb7 28. Rbe1 Qd6 29. Rd1 Bf5 30. Qg3 Bd3 31. Rf3 Be2 32. Rff1 Bxd1 33. Rxd1 b4 34. Qg5 c3 35. bxc3 bxc3 36. h4 c2 37. Rc1 Qxd5 38. Bg1 Rb1 39. Be3 Rxc1+ 40. Bxc1 Qd1+ 41. Kh2 Qh5 42. Qf6 Qf5 43. Qb6 e4 44. Bg5 e3 45. Bxe3 Qe5+ 0-1

[Event "Olympiad Women 2024"]
[Site "Budapest HUN"]
[Date "2024.09.16"]
[Round "6.59"]
[Board "2"]
[White "Zenobia Wasif"]
[Black "Cruz, Bitia"]
[Result "1-0"]
[WhiteElo "1743"]
[BlackElo "1736"]
[PlyCount "71"]
[EventDate "2024.09.11"]
[WhiteTeam "Pakistan"]
[BlackTeam "Honduras"]
[WhiteTeamCountry "PAK"]
[BlackTeamCountry "HON"]

1. e4 c5 2. c4 d6 3. d3 Nc6 ({RR} 3... g6 4. g3 Bg7 5. Bg2 Nf6 6. f4 O-O 7. Nf3 Nc6 8. O-O Rb8 9. Nc3 a6 10. a4 Bg4 11. h3 Bxf3 12. Bxf3 Nd4 13. a5 b6 14. axb6 Rxb6 15. Ra3 Qd7 16. Bg2 e6 17. e5 dxe5 18. fxe5 {1-0 Vukovic,Z (2402)-Bahtijari,B (2253) MNT-chT 1st Herceg Novi 2006 (2)}) 4. h3 ({RR} 4. f4 Nf6 5. Nf3 e6 6. Be3 Be7 7. h3 Nh5 8. g4 Ng3 9. Rg1 Nxf1 10. Rxf1 O-O 11. Nc3 Re8 12. Qd2 Nb4 13. a3 Nc6 14. a4 Nb4 15. Na2 d5 16. Nxb4 cxb4 17. O-O-O Bd7 18. b3 a6 {0-1 Cortez Vilca,T (1275)-Miranda Fernandez,M (1527) Pan American-ch U12 2022 (3)}) 4... h6 $146 ({RR} 4... g6 5. Nc3 Bg7 6. Bd2 e6 7. Nf3 Nge7 8. Qc1 h5 9. Be2 Nd4 10. Nxd4 Bxd4 11. Be3 Bd7 12. Bxd4 cxd4 13. Nd1 Rc8 14. Qf4 e5 15. Qd2 Nc6 16. Qc2 O-O 17. a4 f5 18. exf5 Bxf5 19. Bf3 {0-1 Fries,K (1641)-Richter,G (1774) GER-ch Seniors Gp-A 19th 2007 (9)}) ({RR} 4... Nf6 5. Nf3 g6 6. Be2 Bg7 7. O-O O-O 8. Nc3 e6 9. Nh2 d5 10. cxd5 exd5 11. Bg5 d4 12. Nd5 Qd6 13. Bxf6 Bxf6 14. Bg4 Be6 15. Nxf6+ Kg7 16. e5 Qxe5 17. Ne4 f5 18. Nf3 Qd5 19. Nxc5 {1-0 Bensari,I-Chibane,N (1298) Bejaia op 1st 2012 (4)}) ({RR} 4... f5 5. Nc3 Nf6 6. f3 e5 7. Bd2 Nh5 8. h4 Ng3 9. Rh2 Be7 10. Bg5 Bxg5 11. hxg5 Qxg5 12. Qc1 Qxc1+ 13. Rxc1 Nxf1 14. Kxf1 O-O 15. Ke1 Be6 16. a3 a6 17. Nge2 Rab8 18. Nd5 Bxd5 19. exd5 {0-1 Nagy Abonyi,A (1342)-Bacsa,Z (1711) Senta-ch 2016 (8)}) 5. Nf3 Nf6 6. Nc3 e5 7. Be2 Be7 8. O-O Be6 9. Nd5 Nd7 10. Nxe7 Qxe7 11. Nh2 O-O 12. f4 f5 13. Qe1 Nd4 14. Bd1 fxe4 15. Qxe4 Nf6 16. Qe1 e4 17. Be3 Nc6 18. Bc2 Nb4 19. Qd2 Bf5 20. dxe4 Nxc2 21. Qxc2 Nxe4 22. Rfe1 Qf7 23. g4 Bh7 24. f5 Nf6 25. Rad1 Ne8 26. b3 Qf6 27. Nf3 h5 28. Bg5 Qf7 29. Re7 Qxe7 30. Bxe7 Rf7 31. Re1 hxg4 32. hxg4 Nf6 33. Ng5 Nxg4 34. Nxf7 Kxf7 35. Qe4 Ne5 36. Bxd6 1-0

[Event "Olympiad Women 2024"]
[Site "Budapest HUN"]
[Date "2024.09.16"]
[Round "6.59"]
[Board "3"]
[White "Oseguera, Suhey"]
[Black "Mehak Gul"]
[Result "0-1"]
[WhiteElo "1590"]
[BlackElo "1709"]
[PlyCount "124"]
[EventDate "2024.09.11"]
[WhiteTeam "Honduras"]
[BlackTeam "Pakistan"]
[WhiteTeamCountry "HON"]
[BlackTeamCountry "PAK"]

1. e4 c6 2. d4 d5 3. Nc3 dxe4 4. Nxe4 Nd7 5. Nf3 Ngf6 6. Bd3 Nxe4 7. Bxe4 Nf6 8. Qd3 Nxe4 ({RR} 8... g6 9. c3 Bg7 10. Qe2 Nxe4 11. Qxe4 Bf5 12. Qe2 Qd5 13. Nh4 Be6 14. f4 O-O 15. O-O c5 16. dxc5 Qxc5+ 17. Be3 Qc6 18. Qf2 b6 19. Nf3 Bc4 20. Rfe1 Qb7 21. Ne5 Bd5 22. Qg3 e6 23. Bd4 {0-1 Cabe,A-Antonio,R (2525) Greenhills op 1997 (8)}) 9. Qxe4 Qd5 10. Qf4 Bf5 ({RR} 10... Qf5 11. O-O Qxc2 12. Re1 Qf5 13. Qc7 Qd7 14. Qa5 b6 15. Qc3 Bb7 16. Bf4 e6 17. Ne5 Qd5 18. Qg3 g6 19. Ng4 Bg7 20. Be5 Bxe5 21. dxe5 O-O-O 22. h3 c5 23. Nf6 Qd3 24. Re3 Qd2 25. b3 {0-1 Coulibaly,A (1936)-Stetsenko,I (1683) Olympiad-44 Chennai 2022 (8.4)}) 11. c4 $146 ({RR} 11. c3 Qe4+ 12. Qxe4 Bxe4 13. Nh4 e6 14. O-O c5 15. Re1 Bc6 16. Nf5 O-O-O 17. Ne3 cxd4 18. cxd4 Rxd4 19. Nc2 Rd3 20. a3 Be7 21. Be3 a6 22. Nb4 Bxb4 23. axb4 Rb3 24. Bd4 Rxb4 25. Bc3 Rb5 {0-1 Jansen,J (911)-Voigt,F Dortmund ABC Anfaenger 14th 2000 (11)}) 11... Qe4+ 12. Be3 Qxf4 13. Bxf4 e6 14. a4 Bb4+ 15. Ke2 Bg4 16. h3 Bxf3+ 17. Kxf3 Rd8 18. Rhd1 O-O 19. g4 h6 20. h4 Rd7 21. Rd3 f6 22. Kg2 e5 23. Be3 Rfd8 24. Rad1 e4 25. Rb3 a5 26. f3 exf3+ 27. Kxf3 Kf7 28. Rbd3 Ke6 29. Ke4 Re8 30. d5+ Kf7+ 31. Kf3 cxd5 32. cxd5 Rc8 33. Bd2 Bxd2 34. R1xd2 Rc5 35. Ke4 b5 36. Rc3 Rdc7 37. d6 Re5+ 38. Kf3 Rd7 39. Rc7 Ke6 40. Rxd7 Kxd7 41. axb5 Rxb5 42. Ke4 Re5+ 43. Kf3 h5 44. Rd4 Rb5 45. Rd2 Rb3+ 46. Kf4 Rb4+ 47. Kf5 Rxg4 48. Rd5 a4 49. Rd2 Rxh4 50. Kg6 Rg4+ 51. Kxh5 Rg5+ 52. Kh4 g6 53. Rf2 Rf5 54. Rg2 Rh5+ 55. Kg3 Rg5+ 56. Kf3 Rxg2 57. Kxg2 Kxd6 58. Kf3 Ke5 59. Kg4 Ke4 60. Kh4 Ke3 61. Kg4 f5+ 62. Kg3 f4+ 0-1

[Event "Olympiad Women 2024"]
[Site "Budapest HUN"]
[Date "2024.09.16"]
[Round "6.60"]
[Board "2"]
[White "Raharimanana, Faratiana"]
[Black "Jacobs, Annelaine"]
[Result "1-0"]
[WhiteElo "1815"]
[BlackElo "1763"]
[PlyCount "113"]
[EventDate "2024.09.11"]
[WhiteTeam "Madagascar"]
[BlackTeam "Aruba"]
[WhiteTeamCountry "MAD"]
[BlackTeamCountry "ARN"]

1. d4 Nf6 2. Nf3 g6 3. c4 Bg7 4. Nc3 O-O 5. e4 d6 6. Be2 c6 7. h3 e5 8. O-O Qc7 9. Be3 Nbd7 10. Qd2 Re8 ({RR} 10... a6 11. Bh6 b5 12. Bxg7 Kxg7 13. a3 Rb8 14. Rad1 Re8 15. dxe5 dxe5 16. b4 Nf8 17. c5 Ne6 18. Qd6 Qxd6 19. Rxd6 Nf4 20. Bd1 Bb7 21. Bb3 Rbd8 22. Rfd1 Rxd6 23. Rxd6 Kf8 24. Rxf6 Rd8 25. Rd6 {1-0 Bobomurodova,M (1829)-Garcia Molina,J (2229) Titled Tue 30th Jul Early 2024 (9)}) 11. dxe5 ({RR} 11. d5 Nc5 12. Qc2 cxd5 13. Nxd5 Qc6 14. Nd2 Ne6 15. Nb3 b6 16. Rfd1 Bb7 17. a4 Nc5 18. Nd2 a5 19. Rdb1 Ncxe4 20. Bf3 Nxd5 21. Qxe4 Nb4 22. Qxc6 Bxc6 23. Bxc6 Nxc6 24. Bxb6 Ra6 25. Be3 f5 {0-1 Besztercsenyi,T (2310)-Ezsol,M (2325) HUN-chT 9697 1996 (1)}) 11... dxe5 12. Rfd1 Bf8 13. Rab1 $146 ({RR} 13. Bh6 Be7 14. a3 Nc5 15. Qc2 a5 16. b3 Ne6 17. Bf1 Nh5 18. Ne2 f6 19. Be3 b6 20. Nc3 Bb7 21. Nh2 Rad8 22. Ng4 Nd4 23. Qb1 Nf4 24. c5 bxc5 25. g3 Nfe6 26. Bc4 Kh8 27. Kg2 Bc8 {0-1 Sumar,J-Pedersen,E Olympiad-09 Dubrovnik 1950 (2)}) ({RR} 13. Qc2 b6 14. a3 a5 15. b3 Bb7 16. Bg5 h6 17. Bc1 b5 18. Bb2 b4 19. Nb1 c5 20. Bd3 Nh5 21. Nbd2 Nf4 22. Nf1 f5 23. Ng3 Rad8 24. axb4 Nxd3 25. Rxd3 fxe4 26. Rxd7 Qxd7 27. Nxe4 Qf5 {0-1 Henrichsen,J (1971)-Mayer,I (2124) Budapest FS05 FM-A 2009 (1)}) ({RR} 13. Ne1 Nc5 14. Bf3 Ne6 15. Nc2 Bd7 16. Qe1 Rad8 17. g3 h6 18. h4 Kh7 19. b4 b6 20. Qe2 a6 21. Rdb1 c5 22. bxc5 bxc5 23. Nd5 Nxd5 24. cxd5 Nd4 25. Nxd4 cxd4 26. Bd2 Bb5 27. Qe1 Qd7 {½-½ Ruzyak,P (1913)-Novak,V (2077) Prague ProMoPro op 2005 (7)}) 13... a5 14. a3 Nc5 15. Qc2 a4 16. Bxc5 Bxc5 17. Nxa4 Nxe4 18. Nxc5 Nxc5 19. Qc3 Bf5 20. Rbc1 Na4 21. Qb3 Qe7 22. Rd2 Nc5 23. Qe3 f6 24. g4 Bd7 25. Rcd1 Rad8 26. b4 Ne6 27. c5 Nf4 28. Bf1 Be6 29. Rxd8 Rxd8 30. Rxd8+ Qxd8 31. Qd2 Qxd2 32. Nxd2 Bd5 33. Kh2 Kf8 34. Kg3 Ke7 35. f3 Kd7 36. Kf2 Kc7 37. Ke3 Kd7 38. h4 Ke7 39. Nb1 h6 40. Nc3 g5 41. hxg5 hxg5 42. a4 Kd7 43. Kf2 Kc8 44. Ke3 Kd7 45. Bd3 Be6 46. Be4 Bd5 47. Bf5+ Be6 48. Be4 Bd5 49. b5 Kc8 50. Bf5+ Kd8 51. b6 Bc4 52. a5 Nd5+ 53. Kd2 Nxc3 54. Kxc3 Bb5 55. Bd3 Ba6 56. Bxa6 bxa6 57. Kd3 1-0